| 000 | 00552nam a2200193Ia 4500 | ||
|---|---|---|---|
| 999 |
_c30941 _d30941 |
||
| 003 | OSt | ||
| 005 | 20200805120045.0 | ||
| 008 | 190216s9999||||xx |||||||||||||| ||und|| | ||
| 020 | _a08769250010 | ||
| 040 | _coclc | ||
| 082 |
_a519.5 _bFRE/M |
||
| 100 |
_aFreund, John E _93978 |
||
| 245 | 0 |
_aMathematical Statistics / _cJohn E Freund ; Ronald E Walpole |
|
| 250 | _a4th Ed. | ||
| 260 |
_bPrentice Hall India, _c1987. _aNew Delhi: |
||
| 300 | _a608p | ||
| 650 | _aMathematics | ||
| 942 |
_cBK _2ddc _h519.5 _iFRE/M _k519.5 _mFRE/M |
||